Normal view
MARC view
Entry Personal Name
001 - CONTROL NUMBER
- control field: 1237959
003 - CONTROL NUMBER IDENTIFIER
- control field: OSt
005 - DATE AND TIME OF LATEST TRANSACTION
- control field: 20260430150609.0
008 - FIXED-LENGTH DATA ELEMENTS
- fixed length control field: 260430|| aca||aabn | a|a d
040 ## - CATALOGING SOURCE
- Original cataloging agency: OSt
- Transcribing agency: OSt
100 ## - HEADING--PERSONAL NAME
- Personal name: Priyanka Au.; Sharma Monika Gu.; Sharma Sadhna Gu
670 ## - SOURCE DATA FOUND
- Source citation: Work cat.: (OSt)1850170: Priyanka Au.; Sharma Monika Gu.; Sharma Sadhna Gu., Elucidating the Role of PE_PGRS1 and PPE15 Proteins of Mycobacterium tuberculosis in Modulation of Host Cell Death Pathway and Host Oxidative Stress, 2024
